| 000 | 00745nam a22002531 4500 | ||
|---|---|---|---|
| 001 | 33310 | ||
| 003 | BD-RjUL | ||
| 005 | 20211209052002.0 | ||
| 008 | 140507s1963 u b 001 0 eng | ||
| 035 | _a(BD-RjUL)33401 | ||
| 040 |
_aDLC _cDLC _dDLC _dBD-RjUL _beng |
||
| 041 | _aeng | ||
| 082 | 0 | 0 |
_a300.18 _bBRE 1963 |
| 100 | 1 |
_aBrown, Robert, _d1920- _996965 |
|
| 245 | 1 | 0 |
_aExplanation in social science / _cby Robert Brown. |
| 260 |
_aLondon : _bRoutledge and kegan paul., _c1963. |
||
| 300 |
_aviii, 198 p. ; _c23 cm. |
||
| 504 | _aIncludes bibliography and index. | ||
| 650 | 0 |
_aSocial sciences _xMethodology. _9101141 |
|
| 650 | 0 |
_aSocial sciences _xResearch. _9101142 |
|
| 942 |
_2ddc _cBK |
||
| 999 |
_c33310 _d33310 |
||